Statistics for Top 10 Most Catholic Countries

Click here to take the quiz!

General Stats

  • This quiz has been taken 128 times
  • The average score is 6 of 10

Answer Stats

%Country% Correct
100Vatican City
97%
83Italy
88%
90.5San Marino
86%
88.2Andorra
70%
85.8Poland
69%
82.3Monaco
62%
88.7*Malta
51%
86.3Croatia
48%
96.9East Timor
43%
89Paraguay
17%

Score Distribution

Percentile by Number Answered

Percent of People with Each Score

Your Score History

You have not taken this quiz